<?xml version="1.0" encoding="UTF-8"?><?xml-stylesheet type="text/xsl" href="static/style.xsl"?><OAI-PMH xmlns="http://www.openarchives.org/OAI/2.0/" xmlns:xsi="http://www.w3.org/2001/XMLSchema-instance" xsi:schemaLocation="http://www.openarchives.org/OAI/2.0/ http://www.openarchives.org/OAI/2.0/OAI-PMH.xsd"><responseDate>2026-06-07T17:25:56Z</responseDate><request verb="GetRecord" identifier="oai:docta.ucm.es:20.500.14352/115325" metadataPrefix="marc">https://docta.ucm.es/rest/oai/request</request><GetRecord><record><header><identifier>oai:docta.ucm.es:20.500.14352/115325</identifier><datestamp>2025-09-18T13:19:45Z</datestamp><setSpec>com_20.500.14352_14</setSpec><setSpec>col_20.500.14352_15</setSpec></header><metadata><record xmlns="http://www.loc.gov/MARC21/slim" xmlns:dcterms="http://purl.org/dc/terms/" xmlns:xsi="http://www.w3.org/2001/XMLSchema-instance" xmlns:doc="http://www.lyncode.com/xoai" xsi:schemaLocation="http://www.loc.gov/MARC21/slim http://www.loc.gov/standards/marcxml/schema/MARC21slim.xsd">
   <leader>00925njm 22002777a 4500</leader>
   <datafield ind2=" " ind1=" " tag="042">
      <subfield code="a">dc</subfield>
   </datafield>
   <datafield ind2=" " ind1=" " tag="720">
      <subfield code="a">Ruíz Labarta, Javier</subfield>
      <subfield code="e">author</subfield>
   </datafield>
   <datafield ind2=" " ind1=" " tag="720">
      <subfield code="a">Martínez Martín, Ana</subfield>
      <subfield code="e">author</subfield>
   </datafield>
   <datafield ind2=" " ind1=" " tag="720">
      <subfield code="a">Pintado Recarte, María Del Pilar</subfield>
      <subfield code="e">author</subfield>
   </datafield>
   <datafield ind2=" " ind1=" " tag="720">
      <subfield code="a">González Garzón, Blanca</subfield>
      <subfield code="e">author</subfield>
   </datafield>
   <datafield ind2=" " ind1=" " tag="720">
      <subfield code="a">Pina Moreno, Juan Manuel</subfield>
      <subfield code="e">author</subfield>
   </datafield>
   <datafield ind2=" " ind1=" " tag="720">
      <subfield code="a">Sánchez Rodríguez, Mercedes</subfield>
      <subfield code="e">author</subfield>
   </datafield>
   <datafield ind2=" " ind1=" " tag="720">
      <subfield code="a">Vallejo Gea, África</subfield>
      <subfield code="e">author</subfield>
   </datafield>
   <datafield ind2=" " ind1=" " tag="720">
      <subfield code="a">Sordo Delcastillo, Luis</subfield>
      <subfield code="e">author</subfield>
   </datafield>
   <datafield ind2=" " ind1=" " tag="720">
      <subfield code="a">Álvarez-Mon, Melchor</subfield>
      <subfield code="e">author</subfield>
   </datafield>
   <datafield ind2=" " ind1=" " tag="720">
      <subfield code="a">Ortega, Miguel A.</subfield>
      <subfield code="e">author</subfield>
   </datafield>
   <datafield ind2=" " ind1=" " tag="720">
      <subfield code="a">Bravo Arribas, Coral</subfield>
      <subfield code="e">author</subfield>
   </datafield>
   <datafield ind2=" " ind1=" " tag="720">
      <subfield code="a">León Luis, Juan Antonio</subfield>
      <subfield code="e">author</subfield>
   </datafield>
   <datafield ind2=" " ind1=" " tag="260">
      <subfield code="c">2022</subfield>
   </datafield>
   <datafield ind2=" " ind1=" " tag="520">
      <subfield code="a">Purpose: To assess whether a clinical simulation-based obstetric blood loss quantification workshop for medical undergraduate trainees improves theoretical-practical knowledge, along with self-assurance and self-confidence.

Methods: This was a quasi-experimental pre-post learning study conducted at the Gynaecology and Obstetrics Unit of the Hospital Gregorio Marañón, Madrid, Spain. Participants were volunteer students in their fourth year of a 6-year degree course in Medicine. The study period was divided into the stages: pre-workshop, intra-workshop, 2 weeks post-workshop and 6 months post-workshop. In the pre-workshop stage, students completed a brief online course in preparation for the workshop. The effectiveness of the workshop was assessed through multiple choice tests and self-administered questionnaires. Data were compared between time-points using statistical tests for paired samples.

Results: Of the 142 students invited (age 21.94 ± 3.12 years), 138 accepted the offer of the workshop (97.2%), and 85.4% had no experience in managing blood loss. Between the stages pre- and 2 weeks post-workshop, significant improvements were observed in theoretical-practical knowledge (μ = 1.109), self-assurance and self-confidence. At the 6 months post-workshop stage, theoretical-practical knowledge diminished compared with 2 weeks post-workshop, returning to pre-workshop levels, while self-assurance and confidence failed to vary significantly in the longer term.

Conclusions: The obstetric workshop improved theoretical-practical knowledge and the self-assurance and confidence of the medical students. Results 2 weeks post-workshop were maintained up until 6 months after the training intervention. The clinical simulation-based workshop was perceived by the students as useful and necessary.</subfield>
   </datafield>
   <datafield ind1="8" ind2=" " tag="024">
      <subfield code="a">Ruiz-Labarta J, Martínez Martín A, Pintado Recarte P, González Garzón B, Pina Moreno JM, Sánchez Rodríguez M, et al. Workshop on Blood Loss Quantification in Obstetrics: Improving Medical Student Learning through Clinical Simulation. Healthcare (Switzerland). 2022;10(2).</subfield>
   </datafield>
   <datafield ind1="8" ind2=" " tag="024">
      <subfield code="a">2227-9032</subfield>
   </datafield>
   <datafield ind1="8" ind2=" " tag="024">
      <subfield code="a">10.3390/healthcare10020399</subfield>
   </datafield>
   <datafield ind1="8" ind2=" " tag="024">
      <subfield code="a">https://hdl.handle.net/20.500.14352/115325</subfield>
   </datafield>
   <datafield ind1="8" ind2=" " tag="024">
      <subfield code="a">https://doi.org/10.3390/healthcare10020399</subfield>
   </datafield>
   <datafield ind1="8" ind2=" " tag="024">
      <subfield code="a">https://www.mdpi.com/2227-9032/10/2/399</subfield>
   </datafield>
   <datafield ind2="0" ind1="0" tag="245">
      <subfield code="a">Workshop on Blood Loss Quantification in Obstetrics: Improving Medical Student Learning through Clinical Simulation</subfield>
   </datafield>
</record></metadata></record></GetRecord></OAI-PMH>